[Event "KONIK MORSKI REWALA 2013-B"]
[Site "Rewal"]
[Date "2013.08.24"]
[Round "5.1"]
[White "Grabowski, Adam"]
[Black "Zurkowski, Andrzej"]
[Result "0-1"]
[WhiteElo "2086"]
[BlackElo "2003"]
[PlyCount "104"]
[EventDate "2013.??.??"]

1. Nf3 d6 2. d4 g6 3. c4 Bg7 4. Nc3 Nd7 5. g3 e5 6. Bg2 Ngf6 7. O-O O-O 8. Qc2
Re8 9. Rd1 c6 10. b3 Qc7 11. dxe5 dxe5 12. e3 Nc5 13. Ba3 Bf5 14. Qe2 Qa5 15.
Bxc5 Qxc5 16. h3 h6 17. e4 Be6 18. Na4 Qa5 19. Nb2 Rad8 20. Nd3 Nd7 21. Rab1
Qc7 22. Qc2 Nf8 23. b4 Bc8 24. Nc5 b6 25. Nb3 Ne6 26. c5 b5 27. Na5 Nd4 28.
Nxd4 exd4 29. Qd2 Be6 30. Nb3 Rd7 31. f4 Red8 32. Qf2 Bc4 33. e5 f6 34. exf6
Bxf6 35. Na5 Bd5 36. Bxd5+ Rxd5 37. Rd3 Qd7 38. Kg2 Kg7 39. Nb3 Qf5 40. Rbd1
Re8 41. R1d2 Rd7 42. Qf3 Re4 43. Re2 Rde7 44. Rxe4 Rxe4 45. Nd2 Re1 46. Kf2 Re7
47. Kg2 Qe6 48. Nb3 Qe1 49. Rd2 Re3 50. Qg4 h5 51. Qd7+ Kh6 52. Rf2 h4 0-1

[Event "KONIK MORSKI REWALA 2013-B"]
[Site "Rewal"]
[Date "2013.08.24"]
[Round "5.2"]
[White "Suliborski, Jakub"]
[Black "Lopuszanski, Kamil"]
[Result "1-0"]
[WhiteElo "2002"]
[BlackElo "1879"]
[PlyCount "71"]
[EventDate "2013.??.??"]

1. e4 e5 2. Nf3 Nc6 3. Bb5 a6 4. Ba4 Nf6 5. O-O Be7 6. Re1 b5 7. Bb3 d6 8. c3
O-O 9. h3 Nb8 10. d4 Nbd7 11. Nbd2 Bb7 12. Bc2 Re8 13. Nf1 Bf8 14. Ng3 g6 15.
b3 Rc8 16. a4 c6 17. Be3 Bg7 18. Qd2 Qc7 19. Nh2 exd4 20. cxd4 c5 21. d5 Kh8
22. Bh6 Ng8 23. Bxg7+ Kxg7 24. Qc3+ f6 25. Ne2 Nf8 26. Nf3 Qb6 27. axb5 Ra8 28.
bxa6 Bxa6 29. Nf4 h6 30. Ra5 Bb7 31. Rea1 Rac8 32. Nd2 g5 33. Nh5+ Kf7 34. Nc4
Qd8 35. Ra7 Rc7 36. Qg3 1-0

[Event "KONIK MORSKI REWALA 2013-B"]
[Site "Rewal"]
[Date "2013.08.24"]
[Round "5.3"]
[White "Zarubitski, Viachaslau"]
[Black "Ancuta, Adam"]
[Result "1-0"]
[WhiteElo "1874"]
[BlackElo "1976"]
[PlyCount "39"]
[EventDate "2013.??.??"]

1. e4 e5 2. Nf3 Nc6 3. Bc4 Bc5 4. b4 Bxb4 5. c3 Ba5 6. d4 exd4 7. O-O Qf6 8. e5
Qg6 9. cxd4 Nge7 10. d5 Nd8 11. Ba3 d6 12. Qa4+ Bd7 13. Qxa5 O-O 14. Re1 Bh3
15. Bf1 Nf5 16. Kh1 Bg4 17. Nbd2 c5 18. exd6 b6 19. Qa4 Nxd6 20. Ne5 1-0

[Event "KONIK MORSKI REWALA 2013-B"]
[Site "Rewal"]
[Date "2013.08.24"]
[Round "5.4"]
[White "Kostanski, Marcin"]
[Black "Powalka, Michal"]
[Result "1-0"]
[WhiteElo "1930"]
[BlackElo "1768"]
[PlyCount "63"]
[EventDate "2013.??.??"]

1. d4 Nf6 2. Nf3 g6 3. c4 Bg7 4. Nc3 O-O 5. e4 d6 6. Be2 e5 7. O-O Nc6 8. d5
Ne7 9. Ne1 Ne8 10. Be3 f5 11. f3 f4 12. Bf2 g5 13. c5 Rf7 14. cxd6 Nxd6 15. Nb5
a6 16. Nxd6 Qxd6 17. Rc1 Bf8 18. Nd3 Kh8 19. Qb3 Rg7 20. Qc3 Ng6 21. Bc5 Qf6
22. Bxf8 Qxf8 23. Nxe5 Nh4 24. g3 fxg3 25. hxg3 Bh3 26. Rf2 Re8 27. Kh2 Qf6 28.
Ng4 Qf7 29. Kxh3 h5 30. Nf6 Ng6 31. Nxe8 Qxe8 32. Qf6 1-0

[Event "KONIK MORSKI REWALA 2013-B"]
[Site "Rewal"]
[Date "2013.08.24"]
[Round "5.5"]
[White "Mulenko, Alexander"]
[Black "Smieszek, Wojciech"]
[Result "0-1"]
[WhiteElo "2042"]
[BlackElo "1887"]
[PlyCount "84"]
[EventDate "2013.??.??"]

1. d4 Nf6 2. Bg5 g6 3. Bxf6 exf6 4. c4 Bg7 5. e3 O-O 6. Bd3 Nc6 7. Ne2 Nb4 8.
Be4 d5 9. cxd5 Nxd5 10. Nbc3 Be6 11. Nxd5 Bxd5 12. Bxd5 Qxd5 13. O-O Rfd8 14.
Qc2 Rac8 15. Nf4 Qa5 16. b4 Qxb4 17. Rab1 Qd6 18. Rxb7 f5 19. g3 g5 20. Nd3 f4
21. Qc5 fxe3 22. fxe3 Qe6 23. Qxg5 Rd5 24. Qf4 Bh6 25. Qf3 Bxe3+ 26. Kh1 Rxd4
27. Nf4 Qe4 28. Qxe4 Rxe4 29. Re1 Re5 30. Nd3 Ree8 31. Rb4 f6 32. Rc4 Bb6 33.
Rf1 Rcd8 34. Rg4+ Kh8 35. Nf4 Rd2 36. a4 a5 37. Rh4 Be3 38. Re1 Rb8 39. Nh5 f5
40. Nf4 Rbb2 41. Rh5 c5 42. Rxf5 Rxh2# 0-1

[Event "KONIK MORSKI REWALA 2013-B"]
[Site "Rewal"]
[Date "2013.08.24"]
[Round "5.6"]
[White "Kosakowski, Jakub"]
[Black "Zurek, Jacek"]
[Result "1-0"]
[WhiteElo "1846"]
[BlackElo "1898"]
[PlyCount "47"]
[EventDate "2013.??.??"]

1. e4 c6 2. d4 d5 3. Nc3 dxe4 4. Nxe4 Nf6 5. Nxf6+ exf6 6. c3 Bd6 7. Bd3 O-O 8.
Qc2 g6 9. Ne2 Qc7 10. Bh6 Re8 11. O-O-O Bg4 12. f3 Be6 13. h4 Bf8 14. Bxf8 Rxf8
15. h5 f5 16. Kb1 Nd7 17. Qd2 Rfe8 18. Qh6 Nf8 19. Nf4 Qe7 20. Rde1 Qf6 21.
hxg6 fxg6 22. Nxe6 Rxe6 23. Bc4 Kh8 24. Rxe6 1-0

[Event "KONIK MORSKI REWALA 2013-B"]
[Site "Rewal"]
[Date "2013.08.24"]
[Round "5.7"]
[White "Woloch, Oskar"]
[Black "Poswiatowski, Michal"]
[Result "1/2-1/2"]
[WhiteElo "1779"]
[BlackElo "2085"]
[PlyCount "82"]
[EventDate "2013.??.??"]

1. e4 c5 2. b3 Nc6 3. Bb2 e6 4. d3 d5 5. Nd2 Nge7 6. f4 d4 7. Ngf3 b6 8. g3 Bb7
9. Bg2 Qc7 10. a3 Ng6 11. Qe2 Be7 12. h4 h5 13. O-O-O O-O-O 14. Bh3 Kb8 15. Qf2
b5 16. Rdf1 Ba6 17. Kb1 Qb6 18. Ba1 c4 19. b4 c3 20. Nb3 Bb7 21. Re1 Qa6 22.
Nfxd4 Nxd4 23. Nxd4 Qxa3 24. Nb3 Qxb4 25. d4 Bf6 26. d5 exd5 27. e5 Be7 28. f5
Nf8 29. f6 gxf6 30. exf6 Bd6 31. Rd1 Be5 32. Rhe1 Qd6 33. Qe2 Ng6 34. Qxb5 Ka8
35. Re3 Qxf6 36. Bg2 Qc6 37. Qa5 Rhe8 38. Rde1 Qb6 39. Bxc3 f6 40. Qa2 Qb5 41.
Bf1 Qc6 1/2-1/2

[Event "KONIK MORSKI REWALA 2013-B"]
[Site "Rewal"]
[Date "2013.08.24"]
[Round "5.8"]
[White "Stankiewicz, Pawel"]
[Black "Zarnowski, Krzysztof"]
[Result "1/2-1/2"]
[WhiteElo "2058"]
[BlackElo "1817"]
[PlyCount "108"]
[EventDate "2013.??.??"]

1. f4 d5 2. Nf3 Nf6 3. e3 Bg4 4. b3 e6 5. Bb2 Be7 6. Be2 Bxf3 7. Bxf3 O-O 8.
O-O c5 9. d3 Nc6 10. Nd2 Qc7 11. Qe1 Rad8 12. Qg3 Nb4 13. Bd1 d4 14. e4 b5 15.
Qh3 c4 16. bxc4 bxc4 17. Nxc4 Nxe4 18. a3 Na6 19. Bg4 f5 20. Bf3 Nd6 21. Ne5
Bf6 22. Nc6 Rc8 23. Rae1 Qb6 24. Rxe6 Rxc6 25. Bxc6 Qxc6 26. Rfe1 Nc7 27. R6e2
g6 28. Qg3 Rb8 29. Bc1 Kf7 30. Bd2 Re8 31. Qf2 Rxe2 32. Qxe2 Ndb5 33. Bb4 Nd5
34. Qd2 Ne3 35. Re2 h5 36. Kh1 h4 37. a4 Nc7 38. Rxe3 dxe3 39. Qxe3 Qb6 40. Qe1
Qc6 41. h3 Qxc2 42. Bd6 Nd5 43. Qa5 Qxd3 44. Qxa7+ Ke6 45. Be5 Bxe5 46. fxe5
Qf1+ 47. Kh2 Qf4+ 48. Kh1 Qxe5 49. a5 Kf6 50. a6 Kg5 51. Qb7 Qe1+ 52. Kh2 Qe5+
53. Kh1 Qe1+ 54. Kh2 Qe5+ 1/2-1/2

[Event "KONIK MORSKI REWALA 2013-B"]
[Site "Rewal"]
[Date "2013.08.24"]
[Round "5.9"]
[White "Murawko, Katarzyna"]
[Black "Jaskolka, Tomasz"]
[Result "1/2-1/2"]
[WhiteElo "1904"]
[BlackElo "2019"]
[PlyCount "28"]
[EventDate "2013.??.??"]

1. e4 c5 2. Nf3 Nc6 3. Nc3 g6 4. d4 cxd4 5. Nxd4 Bg7 6. Be3 Nf6 7. Bc4 O-O 8.
Bb3 Ng4 9. Qxg4 Nxd4 10. Qh4 Qa5 11. O-O Bf6 12. Qh6 Bg7 13. Qh4 Bf6 14. Qh6
Bg7 1/2-1/2

[Event "KONIK MORSKI REWALA 2013-B"]
[Site "Rewal"]
[Date "2013.08.24"]
[Round "5.10"]
[White "Skomial, Mateusz"]
[Black "Murawko, Julia"]
[Result "1-0"]
[WhiteElo "2014"]
[BlackElo "1687"]
[PlyCount "77"]
[EventDate "2013.??.??"]

1. e4 c5 2. Nf3 e6 3. c4 d6 4. Nc3 a6 5. d4 cxd4 6. Nxd4 Nf6 7. Be2 Be7 8. O-O
O-O 9. Be3 Nbd7 10. f4 Qc7 11. Rc1 b6 12. b3 Bb7 13. Bf3 Nc5 14. Qc2 Rac8 15.
g4 Qb8 16. g5 Ne8 17. h4 g6 18. h5 e5 19. Nde2 Ng7 20. Nd5 Bxd5 21. exd5 Nf5
22. Qd2 Rfe8 23. Bxc5 Rxc5 24. Bg4 e4 25. Bxf5 gxf5 26. Ng3 Qc8 27. Qd4 h6 28.
gxh6 f6 29. Kf2 Kh7 30. Rg1 Kxh6 31. Qe3 b5 32. Nxe4 fxe4 33. Qxe4 f5 34. Qg2
Rg8 35. Qxg8 Qxg8 36. Rxg8 bxc4 37. bxc4 Ra5 38. Rc2 Ra3 39. Re2 1-0

[Event "KONIK MORSKI REWALA 2013-B"]
[Site "Rewal"]
[Date "2013.08.24"]
[Round "5.11"]
[White "Antolak, Julia"]
[Black "Jedras, Piotr"]
[Result "0-1"]
[WhiteElo "1760"]
[BlackElo "2008"]
[PlyCount "96"]
[EventDate "2013.??.??"]

1. d4 Nf6 2. c4 c5 3. d5 b5 4. cxb5 a6 5. f3 e6 6. dxe6 fxe6 7. e4 axb5 8. Bxb5
Be7 9. Ne2 O-O 10. O-O Qb6 11. Nbc3 Bb7 12. Bg5 Rf7 13. a4 Nc6 14. Kh1 Rd8 15.
f4 Ng4 16. Bxe7 Nxe7 17. Qd3 d5 18. e5 Nf5 19. Nd1 d4 20. a5 Qc7 21. a6 Ba8 22.
Ng3 Nxg3+ 23. Qxg3 Nh6 24. Bc4 Nf5 25. Qb3 Rb8 26. Qc2 Qc6 27. b4 Re7 28. b5
Rxb5 29. Bxb5 Qxb5 30. Rf2 Kf7 31. Qa4 Qd3 32. Qc2 Qb5 33. Qa4 Qd3 34. Qc2 Qb5
35. Qa4 Qb6 36. Rb2 Qd8 37. Qc4 Rc7 38. a7 Qh4 39. Rf2 Ne3 40. Nxe3 Qxf2 41.
Rf1 Qxe3 42. f5 Re7 43. fxe6+ Kg6 44. Qxc5 Qe4 45. Rg1 Rxe6 46. Qc8 Rxe5 47.
Qh3 h6 48. Qg3+ Kh7 0-1

[Event "KONIK MORSKI REWALA 2013-B"]
[Site "Rewal"]
[Date "2013.08.24"]
[Round "5.12"]
[White "Milanowski, Jan"]
[Black "Kwasniewski, Pawel"]
[Result "1-0"]
[WhiteElo "1971"]
[BlackElo "1536"]
[PlyCount "31"]
[EventDate "2013.??.??"]

1. e4 c6 2. d3 d5 3. Nd2 dxe4 4. dxe4 Nd7 5. c3 e5 6. Ngf3 Bc5 7. a4 Ne7 8. Nc4
f6 9. b4 Bb6 10. Nd6+ Kf8 11. Qb3 Nd5 12. exd5 cxd5 13. Qxd5 Qe7 14. Be2 Bc7
15. Nxc8 Rxc8 16. Qxb7 1-0

[Event "KONIK MORSKI REWALA 2013-B"]
[Site "Rewal"]
[Date "2013.08.24"]
[Round "5.13"]
[White "Ziaja, Krystian"]
[Black "Jablonska, Sabina"]
[Result "1/2-1/2"]
[WhiteElo "1885"]
[BlackElo "1957"]
[PlyCount "70"]
[EventDate "2013.??.??"]

1. e4 e6 2. d4 d5 3. exd5 exd5 4. c4 Nf6 5. Nf3 c6 6. Nc3 Bg4 7. cxd5 Nxd5 8.
Be2 Be7 9. O-O O-O 10. h3 Be6 11. Ne5 f6 12. Bg4 Bxg4 13. Nxg4 Na6 14. Qb3 Qd7
15. Nxd5 cxd5 16. Bf4 Nb4 17. Ne3 Rad8 18. Rfe1 Nc6 19. Rad1 Bb4 20. Re2 Ba5
21. Nc2 Rde8 22. Rxe8 Rxe8 23. Ne3 Rd8 24. g4 Bb6 25. Nf5 Qe6 26. Qe3 Qxe3 27.
fxe3 g6 28. Nd6 Rd7 29. Rf1 Bd8 30. a3 Na5 31. Rc1 Nc6 32. Rc5 Ne7 33. Kf2 Bb6
34. Rc2 Kf8 35. Nc8 Nxc8 1/2-1/2

[Event "KONIK MORSKI REWALA 2013-B"]
[Site "Rewal"]
[Date "2013.08.24"]
[Round "5.14"]
[White "Kaluzny, Wlodzimierz"]
[Black "Buraczewski, Rafal"]
[Result "1/2-1/2"]
[WhiteElo "1922"]
[BlackElo "1803"]
[PlyCount "44"]
[EventDate "2013.??.??"]

1. d4 e6 2. Nf3 d5 3. c3 c5 4. e3 Nc6 5. Bd3 Nf6 6. Nbd2 Be7 7. O-O O-O 8. Qe2
a6 9. dxc5 Bxc5 10. e4 h6 11. e5 Nd7 12. Nb3 Bb6 13. Bf4 Bc7 14. Nbd4 Re8 15.
Qe3 f6 16. Nxc6 bxc6 17. Bc2 Nxe5 18. Nxe5 fxe5 19. Bxe5 Bxe5 20. Qxe5 Qf6 21.
Qg3 e5 22. Rfe1 Bf5 1/2-1/2

[Event "KONIK MORSKI REWALA 2013-B"]
[Site "Rewal"]
[Date "2013.08.24"]
[Round "5.15"]
[White "Prominski, Piotr"]
[Black "Sroka, Janusz"]
[Result "1/2-1/2"]
[WhiteElo "1796"]
[BlackElo "2095"]
[PlyCount "111"]
[EventDate "2013.??.??"]

1. e4 e5 2. Nf3 d6 3. d4 exd4 4. Nxd4 Nf6 5. Nc3 Be7 6. Be2 O-O 7. O-O Re8 8.
f4 Bf8 9. Bf3 c5 10. Nb3 Nc6 11. Kh1 a5 12. a4 Qb6 13. Be3 Nb4 14. Bf2 Be6 15.
h3 Nxc2 16. Qxc2 Bxb3 17. Qd2 Rad8 18. g4 Qb4 19. Rfe1 d5 20. e5 Nd7 21. Bh4
Rb8 22. Bxd5 Bxd5+ 23. Qxd5 Nb6 24. Qf3 Nc4 25. Re2 Nb6 26. f5 c4 27. Nd5 Qc5
28. Nxb6 Qxb6 29. Rc1 Rbc8 30. Kh2 Qb4 31. Qd5 Rc5 32. Qd4 Rcxe5 33. Rxe5 Rxe5
34. Rxc4 Re2+ 35. Kg1 Qxb2 36. Qxb2 Rxb2 37. Rc8 f6 38. Bf2 b6 39. Rb8 Rb4 40.
Rxb6 Rxa4 41. Rb8 Rc4 42. Ra8 a4 43. Bg3 Kf7 44. Ra7+ Ke8 45. Ra8+ Kf7 46. Ra7+
Kg8 47. Ra8 Rd4 48. Bf2 Rd1+ 49. Kg2 Rd2 50. Kf3 Kf7 51. Ra7+ Ke8 52. Ra8+ Kf7
53. Ra7+ Ke8 54. Ra8+ Kf7 55. Ra7+ Ke8 56. Ra8+ 1/2-1/2

[Event "KONIK MORSKI REWALA 2013-B"]
[Site "Rewal"]
[Date "2013.08.24"]
[Round "5.16"]
[White "Niedbal, Piotr"]
[Black "Koziej, Maciej"]
[Result "0-1"]
[WhiteElo "1773"]
[BlackElo "2063"]
[PlyCount "70"]
[EventDate "2013.??.??"]

1. e4 c5 2. Nf3 e6 3. c3 d5 4. exd5 Qxd5 5. Bb5+ Nd7 6. O-O a6 7. Be2 Ngf6 8.
d4 Be7 9. dxc5 Qxc5 10. Be3 Qc7 11. Nbd2 O-O 12. Qc2 b6 13. Ne4 Bb7 14. Nxf6+
Nxf6 15. h3 Nd5 16. Bd3 Nxe3 17. Bxh7+ Kh8 18. fxe3 f5 19. Nd4 Qg3 20. Bxf5
Qxe3+ 21. Rf2 exf5 22. Nxf5 Rxf5 23. Qxf5 Rf8 24. Qh5+ Kg8 25. Raf1 Rxf2 26.
Rxf2 Qe1+ 27. Rf1 Bc5+ 28. Kh2 Qxf1 29. Qe8+ Qf8 30. Qe1 Qf4+ 31. Kh1 Qe3 32.
Qd1 Qe4 33. Qf1 b5 34. b3 Qe3 35. Qd1 Qxh3# 0-1

[Event "KONIK MORSKI REWALA 2013-B"]
[Site "Rewal"]
[Date "2013.08.24"]
[Round "5.17"]
[White "Kopica, Paulina"]
[Black "Markiewicz, Mateusz"]
[Result "0-1"]
[WhiteElo "1750"]
[BlackElo "2029"]
[PlyCount "70"]
[EventDate "2013.??.??"]

1. e4 c5 2. Nf3 Nf6 3. Nc3 d5 4. e5 Ne4 5. Be2 Nxc3 6. bxc3 Nc6 7. O-O Bg4 8.
d4 e6 9. h3 Bh5 10. Be3 Be7 11. Qd2 O-O 12. g4 Bg6 13. Nh2 Qa5 14. Rfd1 cxd4
15. cxd4 Qxd2 16. Rxd2 Bb4 17. Rdd1 Bxc2 18. Rdc1 Bc3 19. Rxc2 Bxa1 20. Nf3
Rac8 21. Rc1 Bxd4 22. Kf1 Bxe3 23. fxe3 Na5 24. Rb1 b6 25. Nd4 Nc4 26. Bxc4
Rxc4 27. Kf2 f6 28. Nxe6 Re8 29. Nf4 fxe5 30. Nxd5 Rc2+ 31. Kf3 Rxa2 32. Rc1
e4+ 33. Kg3 Rd2 34. Nf4 g5 35. Nh5 Rf8 0-1

[Event "KONIK MORSKI REWALA 2013-B"]
[Site "Rewal"]
[Date "2013.08.24"]
[Round "5.18"]
[White "Krzysztofiak, Zdzislaw"]
[Black "Parol, Pawel"]
[Result "0-1"]
[WhiteElo "1685"]
[BlackElo "1988"]
[PlyCount "44"]
[EventDate "2013.??.??"]

1. e4 e6 2. Nc3 d5 3. d4 Nf6 4. Bg5 Be7 5. e5 Nfd7 6. Bxe7 Qxe7 7. Nf3 O-O 8.
Bd3 c5 9. Nb5 Nc6 10. c3 a6 11. Nd6 f6 12. Qc2 g6 13. Qe2 cxd4 14. cxd4 fxe5
15. Nxc8 Raxc8 16. dxe5 Qb4+ 17. Kf1 Qf4 18. Re1 Ndxe5 19. Nxe5 Nxe5 20. g3
Qxf2+ 21. Qxf2 Rxf2+ 22. Kxf2 Nxd3+ 0-1

[Event "KONIK MORSKI REWALA 2013-B"]
[Site "Rewal"]
[Date "2013.08.24"]
[Round "5.19"]
[White "Vakhitov, Dmitri"]
[Black "Patola, Eero"]
[Result "0-1"]
[WhiteElo "1664"]
[BlackElo "1947"]
[PlyCount "92"]
[EventDate "2013.??.??"]

1. d4 f5 2. e4 fxe4 3. Nc3 Nf6 4. Bg5 d6 5. Bxf6 exf6 6. Nxe4 Qe7 7. Qe2 f5 8.
Nc3 Qxe2+ 9. Bxe2 c6 10. d5 Be7 11. f4 Bf6 12. Bf3 Bd7 13. Nge2 Na6 14. a3 c5
15. O-O Kf7 16. Rab1 Rhe8 17. Rfe1 b5 18. Ng3 b4 19. Nce2 Rab8 20. Kf2 g6 21.
c3 Bb5 22. Red1 Re7 23. Rbc1 bxa3 24. bxa3 Ba4 25. Rh1 Rb3 26. h4 h5 27. Rb1
Reb7 28. Rxb3 Rxb3 29. Ra1 Bxh4 30. c4 Rb2 31. Ke3 Bf6 32. Re1 Rb3+ 33. Kd2
Rxa3 34. Rb1 Nb4 35. Nf1 h4 36. Ke1 h3 37. Kf2 hxg2 38. Bxg2 Ra1 39. Rxa1 Bxa1
40. Nd2 a5 41. Bf1 Bc2 42. Nc1 a4 43. Ke3 Bb2 44. Ne2 a3 45. Nf3 a2 46. Ng5+
Ke7 0-1

[Event "KONIK MORSKI REWALA 2013-B"]
[Site "Rewal"]
[Date "2013.08.24"]
[Round "5.20"]
[White "Maczka, Miroslawa"]
[Black "Najdzionek, Boleslaw"]
[Result "1/2-1/2"]
[WhiteElo "1563"]
[BlackElo "1911"]
[PlyCount "88"]
[EventDate "2013.??.??"]

1. c4 Nf6 2. Nc3 g6 3. e3 Bg7 4. Nf3 d6 5. d4 O-O 6. Bd3 Nbd7 7. O-O e5 8. Bd2
b6 9. Ng5 c6 10. Qf3 Qc7 11. d5 Nc5 12. Bc2 cxd5 13. Nxd5 Nxd5 14. cxd5 Qe7 15.
e4 Ba6 16. Rfd1 h6 17. Nh3 Bc8 18. b4 Nd7 19. Rac1 Nf6 20. Qd3 Bg4 21. Re1 Rac8
22. Kh1 Nh5 23. Ng1 f5 24. f3 fxe4 25. fxe4 g5 26. b5 Rc7 27. Bd1 Bxd1 28.
Rexd1 Nf4 29. Qe3 Rfc8 30. g3 Ng6 31. Rc6 Rxc6 32. bxc6 g4 33. Kg2 h5 34. Ne2
Rf8 35. Rf1 Rxf1 36. Kxf1 Qf7+ 37. Kg2 Ne7 38. Nc3 Nc8 39. Qf2 Qg6 40. Qe3 Qf7
41. Nb5 Bh6 42. Qxh6 Qf3+ 43. Kg1 Qd1+ 44. Kf2 Qf3+ 1/2-1/2

[Event "KONIK MORSKI REWALA 2013-B"]
[Site "Rewal"]
[Date "2013.08.24"]
[Round "5.21"]
[White "Mielczarek, Joanna"]
[Black "Fronczak, Sebastian"]
[Result "1-0"]
[WhiteElo "1509"]
[BlackElo "1859"]
[PlyCount "99"]
[EventDate "2013.??.??"]

1. e4 e6 2. d4 d5 3. Nd2 Nf6 4. e5 Nfd7 5. Bd3 c5 6. c3 Nc6 7. Ne2 cxd4 8. cxd4
f6 9. exf6 Nxf6 10. O-O Bd6 11. Nf3 Qc7 12. Bd2 O-O 13. Ng3 Bd7 14. Re1 Rae8
15. Bc3 Kh8 16. Ne5 Bc8 17. Nh5 Nd7 18. f4 Nf6 19. Re3 Ne7 20. Nxf6 Rxf6 21.
Qh5 g6 22. Qg5 Ref8 23. Rh3 Kg8 24. Rf1 Nf5 25. Ng4 R6f7 26. Bxf5 Rxf5 27. Nh6+
Kh8 28. Nxf5 Rxf5 29. Qxg6 b6 30. Rff3 Bxf4 31. Qe8+ Kg7 32. Rh4 Bg5 33. Rg4 h6
34. Rxf5 exf5 35. Rg3 f4 36. Rf3 Bg4 37. Rf1 Bf6 38. Re1 Bf5 39. Kh1 Be4 40.
Bb4 f3 41. Qf8+ Kg6 42. Qg8+ Bg7 43. gxf3 Bxf3+ 44. Kg1 Be4 45. Bf8 b5 46.
Qxg7+ Qxg7 47. Bxg7 Kxg7 48. Kf2 a5 49. Rxe4 dxe4 50. Ke3 1-0

[Event "KONIK MORSKI REWALA 2013-B"]
[Site "Rewal"]
[Date "2013.08.24"]
[Round "5.22"]
[White "Suliborski, Artur"]
[Black "Biszof, Henryk"]
[Result "1-0"]
[WhiteElo "1817"]
[BlackElo "1730"]
[PlyCount "67"]
[EventDate "2013.??.??"]

1. e4 c5 2. Nf3 d6 3. d4 cxd4 4. Nxd4 Nf6 5. Nc3 a6 6. h3 e5 7. Nde2 Be7 8. g4
h6 9. Bg2 Nc6 10. O-O Be6 11. Be3 b5 12. Nd5 Rc8 13. Qd2 Bxd5 14. exd5 Nb8 15.
Ng3 Nh7 16. Nf5 Rg8 17. f4 Nd7 18. Rae1 Kf8 19. Qf2 g6 20. fxe5 Nxe5 21. Bxh6+
Ke8 22. Nxe7 Qxe7 23. Bf4 f6 24. g5 Nxg5 25. Bxg5 fxg5 26. Qb6 Rxc2 27. Qxa6
Qd7 28. Rf6 Ke7 29. Re6+ Kf7 30. Rxd6 Nf3+ 31. Bxf3 Qc7 32. Rf6+ Kg7 33. Rxg6+
Kh7 34. Rh6+ 1-0

[Event "KONIK MORSKI REWALA 2013-B"]
[Site "Rewal"]
[Date "2013.08.24"]
[Round "5.24"]
[White "Nowak, Ryszard"]
[Black "Hagner, Pawel"]
[Result "1-0"]
[WhiteElo "2006"]
[BlackElo "1772"]
[PlyCount "99"]
[EventDate "2013.??.??"]

1. c4 Nf6 2. Nc3 g6 3. g3 Bg7 4. Bg2 O-O 5. Nf3 d6 6. O-O c5 7. d4 Nbd7 8. h3
a6 9. Be3 Rb8 10. a4 Qc7 11. b3 Re8 12. Qd2 Qa5 13. Rfd1 cxd4 14. Nxd4 Nc5 15.
Rab1 Qd8 16. a5 e5 17. Nc6 bxc6 18. Bxc5 Bf5 19. Bb6 Qc8 20. Qxd6 Bxb1 21. Rxb1
Re6 22. Qa3 Bf8 23. Qa4 Rd6 24. c5 Re6 25. h4 Nd7 26. Qc4 Nxb6 27. axb6 f5 28.
Ra1 Kg7 29. b4 Re7 30. Rxa6 Ra8 31. b5 e4 32. Qa4 Rxa6 33. bxa6 Rd7 34. b7 Rxb7
35. axb7 Qxb7 36. Qd4+ Kg8 37. Qc4+ Kg7 38. e3 Be7 39. Bf1 Qb2 40. Na4 Qb1 41.
Qe6 Qb7 42. Bc4 Kh6 43. Kg2 Bd8 44. Qf7 Be7 45. Nb6 Qc7 46. Be6 Qd8 47. Nd7
Bxh4 48. gxh4 Qxh4 49. Qf8+ Kg5 50. Qe7+ 1-0

[Event "KONIK MORSKI REWALA 2013-B"]
[Site "Rewal"]
[Date "2013.08.24"]
[Round "5.26"]
[White "Maliszewski, Jacek"]
[Black "Puroila, Sippo"]
[Result "1-0"]
[WhiteElo "1747"]
[BlackElo "1880"]
[PlyCount "35"]
[EventDate "2013.??.??"]

1. d4 Nf6 2. Nf3 d5 3. c3 g6 4. g3 Bg7 5. Bg2 O-O 6. O-O Na6 7. b4 c6 8. Ne5
Nc7 9. Nd2 Nb5 10. Qb3 Be6 11. a4 Nd6 12. Ba3 a6 13. Nd3 Nfe4 14. Nf3 f6 15.
Nc5 Bf7 16. Bh3 b6 17. Nd7 Qc8 18. Nxf6+ 1-0

[Event "KONIK MORSKI REWALA 2013-B"]
[Site "Rewal"]
[Date "2013.08.24"]
[Round "5.27"]
[White "Raszkiewicz, Agnieszka"]
[Black "Drela, Michal"]
[Result "1/2-1/2"]
[WhiteElo "1811"]
[BlackElo "1643"]
[PlyCount "32"]
[EventDate "2013.??.??"]

1. e4 d5 2. exd5 Qxd5 3. Nc3 Qa5 4. d4 c6 5. Nf3 Nf6 6. Ne5 Be6 7. Nc4 Bxc4 8.
Bxc4 e6 9. O-O Nbd7 10. Bf4 Bb4 11. Ne2 O-O 12. c3 Be7 13. Re1 Nd5 14. Bg3 N7f6
15. Qc2 Qd8 16. Nc1 Bd6 1/2-1/2

[Event "KONIK MORSKI REWALA 2013-B"]
[Site "Rewal"]
[Date "2013.08.24"]
[Round "5.28"]
[White "Matzkowiak, Roman"]
[Black "Posuniak, Weronika"]
[Result "1/2-1/2"]
[WhiteElo "1802"]
[BlackElo "1584"]
[PlyCount "56"]
[EventDate "2013.??.??"]

1. c4 c6 2. d4 d5 3. Nf3 Nf6 4. e3 Bf5 5. Nc3 e6 6. a3 Nbd7 7. Be2 Be7 8. O-O
Qc7 9. Nd2 O-O 10. g4 Bg6 11. f4 h6 12. f5 Bh7 13. Rf2 Kh8 14. e4 dxe4 15.
Ndxe4 Nxe4 16. Nxe4 Nf6 17. Ng3 Bd6 18. Nf1 exf5 19. c5 Be7 20. gxf5 Qd7 21.
Ne3 Rad8 22. Rf4 Nd5 23. Nxd5 Qxd5 24. Bf3 Qd7 25. Bg4 Qd5 26. Bf3 Qd7 27. Bg4
Qd5 28. Bf3 Qd7 1/2-1/2

[Event "KONIK MORSKI REWALA 2013-B"]
[Site "Rewal"]
[Date "2013.08.24"]
[Round "5.29"]
[White "Kozaczynska, Aleksandra"]
[Black "Auvinen, Esa"]
[Result "0-1"]
[WhiteElo "1584"]
[BlackElo "1956"]
[PlyCount "76"]
[EventDate "2013.??.??"]

1. e4 e5 2. Nf3 Nc6 3. Bc4 f5 4. d3 g6 5. Nc3 d6 6. Bg5 Be7 7. Bxe7 Qxe7 8. Nd5
Qg7 9. Bb5 Nf6 10. Qe2 O-O 11. Nxf6+ Qxf6 12. exf5 Bxf5 13. Bxc6 bxc6 14. Nd2
d5 15. O-O Rae8 16. Qf3 e4 17. dxe4 Bxe4 18. Nxe4 Rxe4 19. Qb3 Re2 20. f3 Qd4+
21. Kh1 Qd2 22. Rfd1 Rfe8 23. h3 Qxc2 24. Rac1 Qxb2 25. Qxb2 Rxb2 26. Rxc6 Re7
27. Ra6 Rd7 28. Rxa7 d4 29. Rd3 Kf7 30. Ra5 Rc2 31. Kg1 c5 32. Kf1 c4 33. Rd1
d3 34. Rc5 d2 35. Ke2 Re7+ 36. Kf2 c3 37. Rd5 Rxa2 38. Rf1 d1=Q+ 0-1

[Event "KONIK MORSKI REWALA 2013-B"]
[Site "Rewal"]
[Date "2013.08.24"]
[Round "5.30"]
[White "Burakowska, Gabriela"]
[Black "Kardasz, Wladyslaw"]
[Result "1-0"]
[WhiteElo "1691"]
[BlackElo "1846"]
[PlyCount "57"]
[EventDate "2013.??.??"]

1. d4 Nf6 2. c4 c5 3. d5 e5 4. Nc3 d6 5. e4 Be7 6. Be2 Nbd7 7. f4 a6 8. Nf3 Ng4
9. O-O exf4 10. Bxf4 Nde5 11. Nxe5 Nxe5 12. Qe1 Bf6 13. Rb1 O-O 14. Nd1 Ng6 15.
Bd2 Be5 16. Bc3 Qg5 17. Bf3 Bd7 18. b4 b5 19. bxc5 dxc5 20. Qf2 Bxc3 21. Nxc3
Rac8 22. cxb5 axb5 23. Nxb5 Ne5 24. Kh1 c4 25. Nc3 Nd3 26. Qa7 Bg4 27. Bxg4
Qxg4 28. Rb7 Nf2+ 29. Rxf2 1-0

[Event "KONIK MORSKI REWALA 2013-B"]
[Site "Rewal"]
[Date "2013.08.24"]
[Round "5.31"]
[White "Kowacz, Agnieszka"]
[Black "Miczek, Szczepan"]
[Result "0-1"]
[WhiteElo "1366"]
[BlackElo "1797"]
[PlyCount "76"]
[EventDate "2013.??.??"]

1. e4 c6 2. c4 d5 3. e5 Bf5 4. d4 e6 5. Nc3 Bb4 6. c5 b6 7. cxb6 Qxb6 8. Nf3
Nd7 9. Qb3 Ne7 10. a3 Bxc3+ 11. Qxc3 O-O 12. b4 a5 13. bxa5 Qxa5 14. Qxa5 Rxa5
15. Be2 Rfa8 16. O-O c5 17. dxc5 Nxc5 18. Nd4 Ra4 19. Nxf5 Nxf5 20. Bb5 R4a5
21. Be2 h6 22. h3 Nb3 23. Ra2 Nxc1 24. Rxc1 Rxa3 25. Rxa3 Rxa3 26. Rc8+ Kh7 27.
Rc7 Kg8 28. Rc8+ Kh7 29. Rc7 Kg6 30. Bb5 Ra8 31. g4 Nd4 32. Bd3+ f5 33. h4 Nf3+
34. Kg2 Ne1+ 35. Kg3 Nxd3 36. h5+ Kh7 37. Re7 Ra6 38. Rf7 Nxe5 0-1